000 00385nam a2200157Ia 4500
003 OSt
005 20240131155513.0
008 170524s9999 xx 000 0 und d
020 _a978-8171947379
040 _cIIMT UNIVERSITY
100 _aSarangi- Dr. Prashant
100 _c2010
245 0 _aRESEARCH METHODALOGY WITH EXCEL APP ON C.D.
260 _aTaxmann Pub
942 _2ddc
_c02
999 _c2508
_d2508